<?xml version="1.0" encoding="UTF-8"?>
<collection xmlns="http://www.loc.gov/MARC21/slim">
 <record>
  <leader>01153nam a2200229 a 4500</leader>
  <controlfield tag="001">1/4081</controlfield>
  <controlfield tag="008">830103s1983    ne a     b    10000 eng  </controlfield>
  <datafield tag="020" ind1=" " ind2=" ">
   <subfield code="a">0444865799</subfield>
  </datafield>
  <datafield tag="035" ind1=" " ind2=" ">
   <subfield code="l">4321</subfield>
  </datafield>
  <datafield tag="040" ind1=" " ind2=" ">
   <subfield code="a">DLC</subfield>
   <subfield code="b">GR-PeUP</subfield>
  </datafield>
  <datafield tag="082" ind1="0" ind2="0">
   <subfield code="a">658.4'03 ΤΗΕ</subfield>
  </datafield>
  <datafield tag="245" ind1="0" ind2=" ">
   <subfield code="a">Theory and practice of multiple criteria decision making :</subfield>
   <subfield code="b">collection of papers presented at a workshop on multicriteria decision making, held in Moscow, May 1981 /</subfield>
   <subfield code="c">edited by C. Carlsson and Y. Kochetkov.</subfield>
  </datafield>
  <datafield tag="260" ind1="0" ind2=" ">
   <subfield code="a">Amsterdam ;</subfield>
   <subfield code="a">New York :</subfield>
   <subfield code="b">North-Holland Pub. Co. ;</subfield>
   <subfield code="a">New York, N.Y. :</subfield>
   <subfield code="b">Sole distributors for the U.S.A. and Canada, Elsevier Science Pub. Co.,</subfield>
   <subfield code="c">1983.</subfield>
  </datafield>
  <datafield tag="300" ind1=" " ind2=" ">
   <subfield code="a">ix, 170 σ. :</subfield>
   <subfield code="b">εικ. ;</subfield>
   <subfield code="c">24 εκ.</subfield>
  </datafield>
  <datafield tag="504" ind1=" " ind2=" ">
   <subfield code="a">Περιέχει βιβλιογραφία.</subfield>
  </datafield>
  <datafield tag="650" ind1=" " ind2="4">
   <subfield code="a">Decision-making</subfield>
   <subfield code="x">Mathematical models</subfield>
   <subfield code="x">Congresses.</subfield>
  </datafield>
  <datafield tag="700" ind1="1" ind2=" ">
   <subfield code="a">Carlsson, Christer,</subfield>
   <subfield code="d">1946-</subfield>
  </datafield>
  <datafield tag="700" ind1="1" ind2=" ">
   <subfield code="a">Kochetkov, Yevgeny,</subfield>
   <subfield code="d">1937-</subfield>
  </datafield>
  <datafield tag="740" ind1=" " ind2="1">
   <subfield code="a">Multiple criteria decision making.</subfield>
  </datafield>
  <datafield tag="852" ind1=" " ind2=" ">
   <subfield code="a">INST</subfield>
   <subfield code="b">UNIPILB</subfield>
   <subfield code="c">MAIN</subfield>
   <subfield code="e">20040709</subfield>
   <subfield code="h">658.4'03 THE</subfield>
   <subfield code="p">00119862</subfield>
   <subfield code="q">00119862</subfield>
   <subfield code="t">LOAN</subfield>
   <subfield code="y">0</subfield>
   <subfield code="4">1</subfield>
  </datafield>
  <datafield tag="852" ind1=" " ind2=" ">
   <subfield code="a">INST</subfield>
   <subfield code="b">UNIPILB</subfield>
   <subfield code="c">MAIN</subfield>
   <subfield code="e">20040709</subfield>
   <subfield code="h">658.4'03 ΤΗΕ</subfield>
   <subfield code="p">00126699</subfield>
   <subfield code="q">00126699</subfield>
   <subfield code="t">LOAN</subfield>
   <subfield code="y">0</subfield>
   <subfield code="4">2</subfield>
  </datafield>
  <datafield tag="856" ind1="4" ind2=" ">
   <subfield code="d">/webopac/covers/02/4321_0444865799.jpg</subfield>
  </datafield>
 </record>
</collection>
